All Marvel Movies, Shows & Projects - Statistics

General Stats
  • This quiz has been taken 109 times
  • The average score is 100 of 143
Answer Stats
Hint Answer % Correct
1994–1996 | 2008 Iron Man
100%
2010 Iron Man 2
100%
2013 Iron Man 3
100%
2009–2012 Iron Man: Armored Adventures
100%
2013-2019 Avengers Assemble
98%
2017-2020 Marvel's Spider-Man
98%
2002 Spider-Man
98%
1994–1998 Spider-Man: The Animated Series
98%
2003 Spider-Man: The New Animated Series
98%
2012 The Avengers
98%
2010-2012 The Avengers: Earth's Mightiest Heroes
98%
1999-2001 The Avengers: United They Stand
98%
2011 Thor
98%
2011 Captain America: The First Avenger
97%
2003 Hulk
97%
1996–1997 | 2008 The Incredible Hulk
97%
2019 Avengers: Endgame
95%
2017 Thor: Ragnarok
95%
2013 Thor: The Dark World
95%
2000 X-Men
95%
1992–1997 X-Men: The Animated Series
95%
2015 Ant-Man
94%
2015 Avengers: Age of Ultron
94%
2018 Avengers: Infinity War
94%
2016 Captain America: Civil War
94%
2015-2019 Guardians of the Galaxy
94%
2014 The Guardians of the Galaxy
94%
2004 Spider-Man 2
92%
2007 Spider-Man 3
92%
2018 Ant-Man and the Wasp
90%
2017 Spider-Man: Homecoming
90%
2013 The Wolverine
90%
2003 X2: X-Men United
90%
2018 Black Panther
89%
2014 Captain America: The Winter Soldier
89%
2023 Guardians of the Galaxy Vol. 3
89%
2014 The Amazing Spider-Man 2
89%
2017 The Guardians of the Galaxy Vol. 2
89%
2019 Captain Marvel
87%
2016 Deadpool
87%
2021-2023 Loki
87%
2021 Spider-Man: No Way Home
87%
2022 Thor: Love and Thunder
87%
2006 X-Men Last Stand
87%
2016 Doctor Strange
85%
2012 The Amazing Spider-Man
85%
2023 Ant-Man and the Wasp: Quantumania
84%
2018 Deadpool 2
84%
2024 Deadpool & Wolverine
84%
2019 Spider-Man: Into The Spider-Verse
84%
2026 Avengers: Doomsday
82%
2003 | 2015-2018 Daredevil
82%
2006-2007 Fantastic Four: World's Greatest Heroes
82%
2023 The Marvels
82%
2025 Captain America: Brave New World
81%
2021 Doctor Strange in the Multiverse of Madness
81%
2021 Shang-Chi and the Legend of the Ten Rings
81%
2019 Spider-Man: Far From Home
81%
2021 Wandavision
81%
2027 Avengers: Secret Wars
79%
2022 Black Panther: Wakanda Forever
79%
2021 Black Widow
79%
2021 Eternals
79%
1994–1996 | 2005 | 2015 Fantastic Four
79%
2022 Moon Knight
79%
2013-2020 Agents of Shield
76%
2017 Logan
76%
2026 Spider-Man: Brand New Day
76%
2004 | 2017-2019 The Punisher
76%
2026 The Punisher Special
76%
2009 X-Men Origins: Wolverine
76%
2021 Hawkeye
74%
2017-2018 Iron Fist
74%
2025 Thunderbolts*
74%
2023 Spider-Man: Across The Spider-Verse
73%
2021–2024 What If...?
73%
2016 X-Men: Apocalypse
73%
2022 She-Hulk: Attorney at Law
71%
2014 X-Men: Days of Future Past
71%
2019 Dark Phoenix
69%
2021 The Falcon and the Winter Soldier
69%
2015-2019 Jessica Jones
68%
2016-2018 Luke Cage
68%
2018 Venom
68%
2011 X-Men: First Class
68%
1998 Blade
65%
2024 Echo
65%
2020 The New Mutants
65%
2021 Venom: Let There Be Carnage
65%
2024 Venom: The Last Dance
65%
2025 The Fantastic Four: First Steps
63%
2007 Ghost Rider
61%
2022 Ms. Marvel
61%
2017 The Defenders
61%
2024 Kraven The Hunter
60%
2022 Morbuis
60%
2027 Spider-Man: Beyond The Spider-Verse
60%
2024 Agatha All Along
58%
2002 Blade II
58%
2005 Elektra
58%
2024 Madame Web
58%
2004 Blade Trinity
56%
2025-2026 Daredevil Born Again
56%
2007 Fantastic Four: Rise of the Silver Surfer
56%
2022 Werewolf By Night
56%
2015-2016 Agent Carter
55%
2026 Wonder Man
55%
2024- X-Men '97
55%
2011 Ghost Rider: Spirit of Vengeance
53%
2023 Secret Invasion
52%
2025 Iron Heart
50%
2022 The Guardians of the Galaxy Holiday Special
50%
2025 Marvel Zombies
48%
1986 Howard the Duck
44%
2026 Vision Quest
42%
2018-2019 Cloak & Dagger
40%
2017 Inhumans
40%
2025- Your Friendly Neighborhood Spider-Man
37%
2025 Eyes of Wakanda
35%
2026 Spider-Noir
35%
2008 Punisher War Zone
32%
2017-2019 Legion
29%
2017-2019 Runaways
27%
2008-2009 The Spectacular Spider-Man
24%
2017-2019 The Gifted
19%
1998 Silver Surfer
18%
2020 Helstorm
15%
2009 Wolverine and the X-Men
15%
2000-2003 X-Men: Evolution
15%
2014 Big Hero 6
13%
2017-2021 Big Hero 6: The Series
13%
2021 M.O.D.O.K.
13%
2012–2017 Ultimate Spider-Man
13%
1999-2001 Spider-Man Unlimited
11%
2023-2025 Moon Girl and Devil Dinosaur
10%
2013-2015 Hulk and the Agents of S.M.A.S.H.
8%
2009–2011 The Super Hero Squad Show
6%
No matching quizzes found
Score Distribution
Percent of People with Each Score
Percentile by Number Answered
Your Score History
You have not taken this quiz